Visión de la doctrina económica de la Iglesia Católica

שמור ב:
מידע ביבליוגרפי
מחבר ראשי: Tagle Martínez, Hugo (Author)
פורמט: ספר
שפה:ספרדית
יצא לאור: Santiago Instituto de Estudios Generales 1979
מהדורה:2a. ed
נושאים:
תגים: הוספת תג
אין תגיות, היה/י הראשונ/ה לתייג את הרשומה!

MARC

LEADER 00000nam a2200000 a 4500
001 UCV2264
003 CL-VaPUC
008 920407e19790000CL |||||||||||||||||spa|d
082 0 4 |a 261.85  |b TAG  |2 21 
100 0 |a Tagle Martínez, Hugo  |e author  |9 296541 
245 1 0 |a Visión de la doctrina económica de la Iglesia Católica 
250 |a 2a. ed 
300 |a 91 p 
942 |c BK 
945 |d 19920407 00:00:00 
260 |a Santiago  |b Instituto de Estudios Generales  |c 1979 
650 0 |a Cristianismo y economía  |9 255683 
650 7 |a IGLESIA Y ECONOMIA  |2 CL-VaPUC  |9 257620 
583 |a last modification  |c 19920407 00:00:00  |k Rodrigo Vera 
999 |c 209908  |d 209906 
952 |0 0  |1 0  |4 0  |6 261_850000000000000_TAG_1979  |7 0  |8 A  |9 185794  |a BIBDER  |b BIBDER  |d 2019-11-14  |i 2532190  |o 261.85 TAG 1979  |p 2532190  |r 2023-01-25  |w 2019-11-14  |y BK  |k DER 
952 |0 0  |1 0  |4 0  |6 261_850000000000000_TAG_1979  |7 0  |8 A  |9 185795  |a BIBTEO  |b BIBTEO  |d 2019-11-14  |i 3372391  |o 261.85 TAG 1979  |p 3372391  |r 2025-01-17  |w 2019-11-14  |y BK  |k ICR